000
00204 a2200097 4500
001
58290
100
_a
245
_a
Awrat, women
260
_a
Lahore
_b
Fiction House Lahore
_c
1999
090
_c
35785
_d
35785
942
_a
NUST-CAE
_c
_c
28652
999
_c
293363
_d
293363